[Event "Hiroshima Chushikoku-ch"]
[Site "Hiroshima"]
[Date "2023.02.04"]
[Round "2"]
[White "Yokota, Yoshiaki"]
[Black "Takase, Hayato"]
[Result "1-0"]
[WhiteElo "1516"]
[BlackElo "1263"]
[PlyCount "75"]
[EventDate "2023.02.04"]
[EventType "swiss"]
[EventRounds "5"]
[EventCountry "JPN"]
[SourceTitle "CBM 212 Extra"]
[Source "ChessBase"]
[SourceDate "2023.03.31"]
[SourceVersion "1"]
[SourceVersionDate "2023.03.31"]
[SourceQuality "1"]

1. d4 Nf6 2. c4 g6 3. Nf3 Bg7 4. g3 c5 5. d5 0-0 6. Nc3 d6 7. e4 a6 8. a4 e6 9. Bg2 Re8 10. Nd2 exd5 11. cxd5 Nxe4 12. Ncxe4 f5 13. 0-0 fxe4 14. Nxe4 Bf5 15. f3 Qb6 16. Kh1 a5 17. g4 Bd7 18. Rb1 Na6 19. Bf4 Qb4 20. b3 Bxg4 21. fxg4 Rxe4 22. Bxe4 Qxe4+ 23. Qf3 Qxf3+ 24. Rxf3 Rf8 25. Rbf1 Rf6 26. g5 Rf5 27. Bxd6 Rxd5 28. Bf8 Rxg5 29. Rf7 Bxf8 30. Rxf8+ Kg7 31. R1f7+ Kh6 32. Rh8 Kh5 33. Rhxh7+ Kg4 34. Rf1 Rd5 35. Rhf7 Rd3 36. Rg1+ Rg3 37. Rxg3+ Kh5 38. Rh7# 1-0